|
|
|
|
| LEADER |
00000nam a22000005a 4500 |
| 001 |
3879 |
| 003 |
CL-ChBUA |
| 005 |
20120815102838.0 |
| 008 |
070301s1994 cl 000 0 spa |
| 040 |
|
|
|a CL-ChBUA
|c CL-ChBUA
|
| 082 |
0 |
0 |
|a 372.2
|
| 090 |
|
|
|c 3879
|d 3879
|
| 100 |
1 |
|
|a Barros, Héctor.
|
| 245 |
1 |
0 |
|a Guías del docente
|
| 260 |
|
|
|b Juvenil.
|c 1994.
|
| 300 |
|
|
|a 445 p.
|c 26 cm.
|
| 504 |
|
|
|a Indice.
|
| 650 |
|
4 |
|a ESPAÑOL - ENSEÑANZA.
|
| 650 |
|
4 |
|a MATEMATICA - ENSEÑANZA.
|
| 650 |
|
4 |
|a HISTORIA Y GEOGRAFIA - ENSEÑANZA.
|
| 650 |
|
4 |
|a CIENCIAS NATURALES - ENSEÑANZA.
|
| 942 |
|
|
|c LIB
|
| 952 |
|
|
|0 0
|1 0
|4 0
|7 0
|9 5705
|a UNACH
|b UNACH
|c 300
|d 2007-03-05
|i 29.940.
|l 0
|o 372.2 / B 277.
|p 6704
|r 2025-11-10 21:01:42
|u 5705
|w 2012-08-08
|y LIB
|k 372.2 / B 277.
|
| 999 |
|
|
|c 3879
|d 3879
|